| 000 | 00477nam a22001697a 4500 | ||
|---|---|---|---|
| 008 | 230531b |||||||| |||| 00| 0 eng d | ||
| 020 | _a0-444-41461-4 | ||
| 040 |
_aNational Science Library _cNational Science Library |
||
| 080 |
_aR 539.18(02) _bL6 |
||
| 100 | _aFraga, Serafin | ||
| 245 | _aHandbook of atomic data | ||
| 260 |
_aAmsterdam: _bElsevier Scientific Publishing Company, _c1979 |
||
| 300 | _a551p. | ||
| 650 | _aAtomic | ||
| 653 | _aData | ||
| 942 |
_2udc _cREF |
||
| 999 |
_c46547 _d46547 |
||